000 00766nam0a22002651 4500
001 v19\rc\1704969
005 20250619031952.0
035 _a(NLR Aleph) 004806072
090 _a4879098
_c4879098
100 _a20061002d1898 |||y0rusy50 ca
101 0 _arus
102 _aRU
105 _ay z |||a|
200 1 _aНесчастненькие
_e[Рассказ]
_fЕ. фон-Фрейман
210 _aСанкт-Петербург
_cтип. М-ва пут. сообщ.
_d1898
215 _a[2], 50 с.
_d12
700 1 _aФрейман
_bЕ. фон
801 0 _aRU
_bNLR
_gpsbo
801 0 _aRU
_bRuMoRGB
_2psbo
801 1 _aRU
_bProSoft-M
_2rusmarc
852 _aNLR
_j20.99.5.347
899 _aRuMoRGB
_jS 33/1072
899 _aБАН
942 _cBOOK
980 _aNB